000 00644nam a2200253Ia 4500
003 OSt
005 20220918174806.0
006 a|||||r|||| 00| 0
007 ta
008 220917b |||||||| |||| 00| 0 eng d
024 _a14,182
037 _cTextual
040 _aARTS
_cARTS
_beng
041 _2eng
_aeng
082 _aNT, L0
100 _aDolman John
_951794
245 0 _aArt of acting
260 _aWestport
_bGreenwood Press
_c1970
300 _axvii,313p.
_ccm.
500 _aBibliography 285-298p; Glossary 299-306p
650 _aARTS
942 _hNT, L0
_cTEXL
_2CC
999 _c154737
_d154737